Книга Памяти. Т. 8 (Запись № 12652907)

Подробности
000 -МАРКЕР
контрольное поле 01385nam2a2200253 4500
001 - ИДЕНТИФИКАТОР ЗАПИСИ
контрольное поле RU\NLR\BIBL_A\022068866
005 - ИДЕНТИФИКАТОР ВЕРСИИ
контрольное поле 20231109152810.0
021 ## - НОМЕР ГОСУДАРСТВЕННОЙ РЕГИСТРАЦИИ
Код страны Российская Федерация
Номер КН-П-22-075282
Номер Листа государственной регистраци КН-П-22-6565
035 ## - ДРУГИЕ СИСТЕМНЫЕ НОМЕРА
Идентификатор записи (NLR Aleph) 022068866
100 ## - ДАННЫЕ ОБЩЕЙ ОБРАБОТКИ
Данные общей обработки 20231109d1997 u y0rusy50 ca
101 0# - ЯЗЫК РЕСУРСА
Язык текста, звукозаписи и т.д. русский
102 ## - СТРАНА ПУБЛИКАЦИИ ИЛИ ПРОИЗВОДСТВА
Страна публикации Российская Федерация
105 ## - ПОЛЕ КОДИРОВАННЫХ ДАННЫХ: ТЕКСТОВЫЕ МАТЕРИАЛЫ, МОНОГРАФИЧЕСКИЕ
Кодированные данные о монографическом текстовом документе y z 000zy
200 0# - ЗАГЛАВИЕ И СВЕДЕНИЯ ОБ ОТВЕТСТВЕННОСТИ
Основное заглавие Т. 8
210 ## - ПУБЛИКАЦИЯ, РАСПРОСТРАНЕНИЕ И ДР.
Дата издания, распространения и т.д. 1997
215 ## - ФИЗИЧЕСКАЯ ХАРАКТЕРИСТИКА
Специфическое обозначение материала и объем 145, [2] с.
300 ## - ОБЩИЕ ПРИМЕЧАНИЯ
Текст примечания На обороте тит. с.: в 8 т.
461 #0 - УРОВЕНЬ НАБОРА
Встроенное поле 001rc\142669
-- 2001#$aКнига Памяти$eРос. Федерация, Респ. Карелия$eСписки воинов, партизан, подпольщиков Карелии, погибших в годы Великой Отеч. войны$e[В 7 т.$fРедкол.: Медведев В.А. (пред.) и др.]$vТ. 8
Системный номер (АБИС) связанной записи 6436337
Место публикации Петрозаводск
Дата публикации 1994-
Первые сведения об ответственности Редкол.: Медведев В. А. (пред.) и др.]
Имя издателя, распространителя и т.д. Госкомиздат Респ. Карелия
Сведения, относящиеся к заглавию Рос. Федерация, Респ. Карелия : Списки воинов, партизан, подпольщиков Карелии, погибших в годы Великой Отеч. войны : [В 7 т.
Заглавие Книга Памяти
Номер тома Т. 8
942 ## - ДОПОЛНИТЕЛЬНЫЕ ЭЛЕМЕНТЫ ЗАПИСИ (АБИС)
Тип экземпляра АБИС Книга
980 ## - КОЛЛЕКЦИЯ
Название коллекции Национальная библиография
Экземпляры
Тип экземпляра Дата поступления Источник поступления Библиотека постоянного хранения Библиотека текущего хранения Место хранения Шифр хранения Штрих-код Статус экземпляра
Книга 13.12.2023 Обязательный экземпляр РНБ (Московский) РНБ (Московский) Центральная справочная библиотека С К-5/287 1-4127771  
Книга 13.12.2023 Обязательный экземпляр РНБ (Московский) РНБ (Московский) Центральная справочная библиотека С К-5/287 1-4127772